Incentive relativity / (Record no. 14698)

000 -LEADER
fixed length control field 01509nam a2200289 a 4500
001 - CONTROL NUMBER
control field ASIN0521658632
005 - DATE AND TIME OF LATEST TRANSACTION
control field 20170105102902.0
008 - FIXED-LENGTH DATA ELEMENTS--GENERAL INFORMATION
fixed length control field 131011s1999 xxu eng d
020 ## - INTERNATIONAL STANDARD BOOK NUMBER
International Standard Book Number 0521658632 (paperback)
Terms of availability $43.00
020 ## - INTERNATIONAL STANDARD BOOK NUMBER
International Standard Book Number 9780521658638 (paperback)
040 ## - CATALOGING SOURCE
Original cataloging agency 0
050 04 - LIBRARY OF CONGRESS CALL NUMBER
Classification number BF505.R48
082 04 - DEWEY DECIMAL CLASSIFICATION NUMBER
Classification number 156.23224
100 1# - MAIN ENTRY--PERSONAL NAME
Personal name Flaherty, Charles F.
245 10 - TITLE STATEMENT
Title Incentive relativity /
Statement of responsibility, etc. Charles F. Flaherty.
260 ## - PUBLICATION, DISTRIBUTION, ETC.
Place of publication, distribution, etc. [S.l.] :
Name of publisher, distributor, etc. Cambridge University Press,
Date of publication, distribution, etc. 1999.
300 ## - PHYSICAL DESCRIPTION
Extent 227 p. ;
Dimensions 23 cm.
490 1# - SERIES STATEMENT
Series statement Problems in the behavioural sciences.
520 ## - SUMMARY, ETC.
Summary, etc. Incentive relativity is the study of the disappointment and irritation shown by animals and humans when they fail to obtain an expected reward. This book provides a full account of the subject, focusing on animals' responses to the relative value of rewards. These relativity effects cause stress in animals but they may also inspire adaptation beneficial to survival. This text shows how animal research may lead to an understanding of individual differences in discernment and susceptibility to disappointment, and to an understanding of both the advantages and disadvantages of dissatisfaction.
650 #0 - SUBJECT ADDED ENTRY--TOPICAL TERM
Topical term or geographic name entry element Incentive (Psychology)
650 #0 - SUBJECT ADDED ENTRY--TOPICAL TERM
Topical term or geographic name entry element Psychology, Comparative
650 #0 - SUBJECT ADDED ENTRY--TOPICAL TERM
Topical term or geographic name entry element Reinforcement (Psychology)
650 #0 - SUBJECT ADDED ENTRY--TOPICAL TERM
Topical term or geographic name entry element Reward (Psychology)
830 #0 - SERIES ADDED ENTRY--UNIFORM TITLE
Uniform title Problems in the behavioural sciences.
856 40 - ELECTRONIC LOCATION AND ACCESS
Materials specified Amazon.com
Uniform Resource Identifier <a href="http://www.amazon.com/exec/obidos/ASIN/0521658632/chopaconline-20">http://www.amazon.com/exec/obidos/ASIN/0521658632/chopaconline-20</a>
942 ## - ADDED ENTRY ELEMENTS (KOHA)
Source of classification or shelving scheme
Koha item type Book
Holdings
Withdrawn status Lost status Damaged status Not for loan Collection code Permanent Location Current Location Shelving location Date acquired Total Checkouts Full call number Barcode Date last seen Price effective from Koha item type
          Centre for International Peace & Stability (CIPS) Centre for International Peace & Stability (CIPS) General Stacks 09/12/2013   156.23224 FLA 1996 CIPS0000854 10/11/2013 10/11/2013 Book
© 2023 Central Library, National University of Sciences and Technology. All Rights Reserved.